000 00290nam a22001217a 4500
082 _a030
_bBRI/R-1
100 _aPAPPAS,THEODORE
245 _aREADY REFERENCE ENCYCLOPEDIA
260 _aNEW DELHI
_bENCYCLOPAEDIA BRITANICA
300 _a252
650 _aGENERAL KNOWLEDGE
_zINDIA
942 _cBK
999 _c2083
_d2083